000
00305nam a2200097 a 4500
005
20200929165147.0
008
100329s1950 000 spa d
245
0
_a
Charlas tabloides de cancerología especialmente para médicos.
260
_a
Ciudad Trujillo, República Dominicana,
_c
1950.
999
_c
17112
_d
17112
040
_a
DO-SdBNP